000 01839cam a22004934i 4500
003 PE-LiUPU
005 20250731173106.0
008 150623s r 000 0 d
020 _a9652239771
035 _a(Sirsi) i9789652239778
040 _aPE-LiUPU
_bspa
_cPE-LiUPU
_erda
049 _aPRUA
082 0 4 _a221.9
_bU23
_221
100 1 _aUffenheimer, Benjamín,
_eautor.
245 1 0 _aEarly prophecy in Israel /
_cBenjamín Uffenheimer.
264 1 _aJerusalem :
_bThe Magnes Press, The Hebrew University,
_c1999.
300 _a591 páginas ;
_c23 centímetros
336 _atext
_2rdacontent
337 _aunmediated
_2rdamedia
338 _avolume
_2rdacarrier
504 _aIncluye bibliografía.
505 0 _aProphecy in the ancient Near East and its relation to israelite prophecy. -Moses. -The Kingship of God and the leadership of the Savior-Judges. -Samuel -The man and his achievements. -The United kingdom as seen by contemporary prophecy. -The militant prophets. -Mantic and magical elements in early prophetic tradition.
526 _aSEG42
526 _aSEG41
526 _aSEG40
526 _aSEG39
526 _aP94
526 _aP87
526 _aP86
526 _aP85
526 _aP77
526 _aP76
526 _aP35
600 1 _aElías (Profeta bíblico
600 1 _aEliseo (Profeta bíblico)
600 1 _aMoisés (Líder Biblico)
650 0 4 _aProfetas
942 _2ddc
_cBOOK
949 _a221.9 U23
_wDEWEY
_c1
_i49486
_lCCODEBUL1
_mBUL
_r0
_sY
_tBOOK
_u2015-6-24
_xTEOLOGIA
_PP35
_0COMPRA
_o.STAFF. Colección General
994 _aC0
_bPEPRU
596 _a1
999 _a221.9 U23
_wDEWEY
_c30184
_i49486
_f2021-11-9
_g5
_lCCODEBUL1
_mBUL
_r0
_sY
_tBOOK
_u2015-6-24
_xTEOLOGIA
_PP35
_0COMPRA
_o.STAFF. Colección General
_d30184
980 _81
_gALBERTO SANCHEZ Responsable de Automatización